| 000 | 00923nam a22002537a 4500 | ||
|---|---|---|---|
| 999 |
_c1370 _d1370 |
||
| 003 | AR-CdUCM | ||
| 008 | 190226b ||||| |||| 00| 0 spa d | ||
| 040 |
_aMUNICIPALIDAD PROVINCIAL DEL CUSCO _cBIBLIOTECA MUNICIPAL DEL CUSCO |
||
| 041 | _hale | ||
| 082 |
_22ed. _a780.9243 / _bSP761 |
||
| 100 |
_aSpitta, Philipp _95233 |
||
| 245 | _aJohann Sebastián Bach : su vida, su obra, su época / | ||
| 260 |
_aMéxico : _bEdit. Grijalbo, _c1959. |
||
| 300 |
_a421 paginas ; _b1 imagen. _c22 cm. |
||
| 505 | _aDe Eisenach a Luneburgo -- Nacimiento y años de infancia -- Wéimar y Arnstadt -- Deberes de su cargo -- Los años de Kothen -- Los primeros años de Leipzig... | ||
| 650 |
_aAlemania _91327 |
||
| 650 |
_aAguas bautismales _95234 |
||
| 650 |
_aMadre _95235 |
||
| 650 |
_aInfancia _95236 |
||
| 650 |
_aCompositor _95237 |
||
| 700 |
_aRoces, Wenceslao _95238 |
||
| 942 |
_2ddc _cLIBROS |
||
| 945 |
_awnts _d2019-02-26 |
||